000 00889nam a22001937a 4500
999 _c63883
_d63883
003 Ge_BSU
005 20260211154405.0
008 260211s1961 ge ||||| |||| 00| 0 geo d
041 _ageo
080 _a338.45(479.22) კ-65
100 _aკოდუა, ი.
_926879
245 _aსაბჭოთა საქართველო მოწინავე ინდუსტრიული რესპუბლიკაა /
_c ი. კოდუა.
264 _aთბილისი :
_bთბილ. უნ-ტის გამ-ბა,
_c1961.
300 _a292 გვ. :
_bილ. ;
_c22 სმ.
500 _aდამატ. თავფურც. რუს. ენ.
504 _aბიბლიოგრ. შენიშვნებში
653 _aსაქართველოს ინდუსტრიალიზაცია.
942 _2udc
_cᲬᲘᲒᲜᲘ